Touhou Embodiment of Scarlet Devil: OST - Statistics

General Stats
  • This quiz has been taken 12 times
  • The average score is 9 of 17
Answer Stats
# Theme Track % Correct
5 Cirno Tomboyish Girl in Love
100%
15 Flandre Scarlet U.N. Owen Was Her?
100%
11 Sakuya Izayoi Lunar Clock ~ Luna Dial
89%
13 Remilia Scarlet Septette for the Dead Princess
78%
6 Stage 3 Shanghai Teahouse ~ Chinese Tea
67%
8 Stage 4 Voile, the Magic Library
67%
3 Rumia Apparitions Stalk the Night
56%
9 Patchouli Knowledge Locked Girl ~ the Girl's Secret Room
56%
4 Stage 2 Lunate Elf
56%
14 Extra Stage The Centennial Festival for Magical Girls
44%
2 Stage 1 A Soul as Red as a Ground Cherry
33%
7 Hong Meiling Shanghai Alice of Meiji 17
33%
10 Stage 5 The Maid and the Pocket Watch of Blood
33%
12 Stage 6 The Young Descendant of Tepes
22%
1 Title Screen A Dream More Scarlet Than Red
11%
17 Staff Roll Scarlet Chamber ~ Eastern Dream...
11%
16 Ending An Eternity More Transient Than Scarlet
0%
No matching quizzes found
Score Distribution
Percent of People with Each Score
Percentile by Number Answered
Your Score History
You have not taken this quiz